Etudiants de la Classe MLT3 Chartres 2025/2026 - Statistiques

Statistiques générales
  • Ce quiz a été pris 3 fois
  • Le résultat moyen est 10 sur 35
Statistiques - réponses
Hint Réponse % Correct
Elon musk Ilhan Yavuz
100%
Esmith Adam Mhasni
50%
Eteint Ethan Souchard
50%
Pomme de terre Gaëlle Nedelec
50%
Armée Guillaume Cornec
50%
Ilyas Ben Rais
50%
Judo28 Ilyas Boualam
50%
Stress Julia Pognon
50%
Lilou Le Bihan
50%
208 jaune Marie-Ange Justine
50%
Dakar Mouhamed Samb
50%
Compote Nina Dafonseca Mariano
50%
Serbe Noah Dejanovski
50%
Dallas Rafael Desecures
50%
Simon Simone Lutumba
50%
Sirine Tarhouni
50%
Sofiane Luguera
50%
Transport Yaël Balerzy
50%
Adrien Menard Grieco
0%
Aina Ratsimbazafy
0%
PARIS ! Antonin Berthomieux
0%
Eglantine Fageas
0%
Hamza Askafi
0%
Le garage Imran Filali El Mokhtatif
0%
Ismaël Lakbakbi El Yaagoubi
0%
Kelyan Michel
0%
Manon Veraquin
0%
Mathis Neveu
0%
Major Maxime Veysseix
0%
La Chapelle Royale Mounir Abouliata
0%
Noémie Marteau
0%
Noémie Petit
0%
Souheil Fadmi
0%
Vitara Yann Brisset
0%
Yassine Oumertou
0%
Aucun quiz correspondant
Distribution des résultats
% des personnes avec chaque résultat
Percentile par nombre de réponses
Votre historique - résultats
Vous n’avez pas pris ce quiz